| LEADER |
00756nam0a2200193 450 |
| 001 |
16812140 |
| 010 |
|
|
|a 978-2-02-104447-8
|b rel.
|d 15
|
| 100 |
|
|
|a 20111116d2026 u u0frey01 ba
|
| 101 |
0 |
|
|a fre
|
| 102 |
|
|
|a FR
|
| 200 |
0 |
|
|a Berceuse du merle
|f Anne Brouillard
|
| 207 |
|
1 |
|a
|
| 210 |
|
|
|a Paris
|c Seuil jeunesse
|d DL 2011
|
| 215 |
|
|
|a 1 vol. (non paginé [25] p.)
|c ill. en coul., couv. ill. en coul.
|d 31 cm
|
| 330 |
|
|
|a Cet album restitue l'univers sensitif d'un bébé, les sons et les lumières qu'il perçoit au moment oáu il s'endort pour faire la sieste.
|
| 700 |
|
0 |
|a Brouillard
|b Anne
|f 1967-....
|4 70
|
| 900 |
|
|
|a Album
|
| 901 |
|
|
|a Accessible au prêt
|
| 995 |
|
|
|a Bibliothèque
|c Bibliothèque
|f 024012727
|h 024012727
|k A BRO
|o p
|q j
|r az
|e Bibliothèque
|